Estadísticas para Banderas de Países que Limitan con Francia

Haz click aquí para tomar la prueba!

Estadísticas generales

  • Esta prueba ha sido tomada 5.589 veces
  • La puntuación promedio es 9 de 10

Estadísticas de respuestas

Respuesta% Correcto
Alemania
99%
Suiza
99%
Brasil
98%
España
98%
Italia
98%
Bélgica
97%
Andorra
91%
Luxemburgo
88%
Mónaco
87%
Surinam
76%

Distribución de puntuación

Porcentaje por número respondido

Porcentaje de gente con cada puntuación

Historial de tus puntuaciones

No has tomado esta prueba